[Event "17.Città di Padova Open A"]
[Site "Padova"]
[Date "2014.12.15"]
[Round "2.25"]
[White "Quaranta, Cristiano"]
[Black "Di Lazzaro, Gabriele"]
[Result "1-0"]
[WhiteElo "2169"]
[BlackElo "1941"]
[Annotator "Gabriele Ballarin"]
[PlyCount "87"]
[EventDate "2014.12.14"]
[EventType "swiss"]
[EventRounds "9"]
[EventCountry "ITA"]

1. d4 Nf6 2. Bg5 Ne4 3. Bf4 c5 4. f3 Qa5+ 5. c3 Nf6 6. Nd2 cxd4 7. Nb3 Qf5 8. Bxb8 Rxb8 9. Qxd4 b6 10. e4 Qf4 11. Ne2 Qc7 12. e5 Ng8 13. O-O-O e6 14. f4 Ne7 15. Ng3 Nc6 16. Qd2 a5 17. a4 Be7 18. Kb1 f6 19. exf6 Bxf6 20. Bd3 d5 21. Qc2 g6 22. h4 Na7 23. Qe2 Bd7 24. c4 Qxf4 25. Rhf1 Qe5 26. Rde1 Qxe2 27. Nxe2 Bxh4 28. g3 Be7 29. cxd5 e5 30. Nc3 Rf8 31. Rh1 Bf5 32. Bxf5 Rxf5 33. Rxh7 Nc8 34. Nb5 Rb7 35. d6 Bxd6 36. Rxb7 Bb4 37. Rc1 Ne7 38. Nc7+ Kf7 39. Nd5 Rf3 40. Nxe7 Rxb3 41. Nd5+ Ke6 42. Nxb4 Rxb4 43. Rc6+ Kf5 44. Rbxb6 1-0

[Event "17.Città di Padova Open A"]
[Site "Padova"]
[Date "2014.12.15"]
[Round "2.26"]
[White "Hocevar, Nikola"]
[Black "Boraso, Alessio"]
[Result "0-1"]
[WhiteElo "1913"]
[BlackElo "2166"]
[Annotator "Gabriele Ballarin"]
[PlyCount "56"]
[EventDate "2014.12.14"]
[EventType "swiss"]
[EventRounds "9"]
[EventCountry "ITA"]

1. d4 Nf6 2. Nf3 g6 3. g3 Bg7 4. Bg2 O-O 5. O-O d6 6. Nbd2 Nbd7 7. e4 c5 8. c3 Rb8 9. a4 Qc7 10. Qe2 cxd4 11. Nxd4 a6 12. h3 Nc5 13. b4 Ne6 14. Qd3 Nh5 15. Bb2 Bd7 16. Ne2 a5 17. b5 Nc5 18. Qe3 Be6 19. Ra3 Nd7 20. f4 Bc4 21. Rf2 Bxe2 22. Rxe2 Qb6 23. Kf2 Rfc8 24. Nb3 Bxc3 25. Bxc3 Rxc3 26. Qxb6 Nxb6 27. Re3 Rxe3 28. Kxe3 Nc4+ 0-1

[Event "17.Città di Padova Open A"]
[Site "Padova"]
[Date "2014.12.15"]
[Round "2.27"]
[White "Sorbera, Giovanni"]
[Black "Baschirotto, Marco Dante"]
[Result "1/2-1/2"]
[WhiteElo "2166"]
[BlackElo "1903"]
[Annotator "Gabriele Ballarin"]
[PlyCount "57"]
[EventDate "2014.12.14"]
[EventType "swiss"]
[EventRounds "9"]
[EventCountry "ITA"]

1. d4 d5 2. c4 c6 3. Nc3 Nf6 4. Nf3 a6 5. g3 e6 6. Bg2 Nbd7 7. cxd5 cxd5 8. Bf4 b5 9. Rc1 Bb7 10. O-O Rc8 11. Qd3 Qb6 12. Ne5 Be7 13. Nxd7 Kxd7 14. e4 Bb4 15. exd5 Nxd5 16. Nxd5 Bxd5 17. Bxd5 exd5 18. Rxc8 Rxc8 19. Qxh7 Qg6 20. Qxg6 fxg6 21. Rc1 Rxc1+ 22. Bxc1 Ke6 23. g4 Be7 24. Kf1 g5 25. Ke2 Bf6 26. Be3 a5 27. b3 b4 28. Kd3 Be7 29. h3 {Nur} 1/2-1/2

[Event "17.Città di Padova Open A"]
[Site "Padova"]
[Date "2014.12.15"]
[Round "2.28"]
[White "Zangrando, Gianpietro"]
[Black "Movileanu, Daniela"]
[Result "0-1"]
[WhiteElo "1867"]
[BlackElo "2145"]
[Annotator "Gabriele Ballarin"]
[PlyCount "84"]
[EventDate "2014.12.14"]
[EventType "swiss"]
[EventRounds "9"]
[EventCountry "ITA"]

1. Nf3 Nf6 2. c4 c5 3. g3 d5 4. cxd5 Nxd5 5. Bg2 Nc6 6. O-O e5 7. Nc3 Nc7 8. d3 Be7 9. Be3 Bd7 10. a3 O-O 11. Rb1 Rb8 12. Qc1 f6 13. Nd2 Ne6 14. Nd5 Ned4 15. Re1 Rc8 16. b3 Be6 17. Nxe7+ Qxe7 18. Qc3 b6 19. Nc4 Qd7 20. Rb2 Ne7 21. Qc1 Nd5 22. Bd2 Rfd8 23. Qb1 Qf7 24. b4 cxb4 25. axb4 Ne7 26. e3 Nb5 27. Bb7 Rb8 28. Bg2 Rd7 29. Rc1 Rbd8 30. Bf1 Bf5 31. Rb3 Qg6 32. e4 Be6 33. Be3 Qf7 34. Qa1 Nc6 35. Rbb1 Ncd4 36. Qa6 Nf3+ 37. Kg2 Qh5 38. h4 Nbd4 39. Bxd4 Nxd4 40. Ne3 g5 41. Nf5 Nxf5 42. exf5 Bd5+ 0-1

[Event "17.Città di Padova Open A"]
[Site "Padova"]
[Date "2014.12.15"]
[Round "2.29"]
[White "Fregonese, Giulio"]
[Black "Vizireanu, Dragos"]
[Result "0-1"]
[WhiteElo "2129"]
[BlackElo "1858"]
[Annotator "Gabriele Ballarin"]
[PlyCount "80"]
[EventDate "2014.12.14"]
[EventType "swiss"]
[EventRounds "9"]
[EventCountry "ITA"]

1. e4 e5 2. Bc4 Nc6 3. Nf3 Bc5 4. c3 Nf6 5. d3 d6 6. Bb3 Bg4 7. Nbd2 h6 8. h3 Be6 9. Bc2 a5 10. Nf1 Qd7 11. Qe2 Nh7 12. g4 f6 13. Nh4 Ne7 14. Nf5 Nxf5 15. gxf5 Bf7 16. Rg1 Rg8 17. Ne3 Bxe3 18. Bxe3 g5 19. fxg6 Rxg6 20. O-O-O Rxg1 21. Rxg1 Qxh3 22. Qd1 h5 23. d4 O-O-O 24. Rg7 Bg8 25. Qg1 Ng5 26. Bxg5 fxg5 27. Qxg5 Be6 28. Bd1 Qh1 29. Qe7 Bd7 30. Rf7 b6 31. Kd2 Qxe4 32. Bxh5 Qc6 33. Bf3 d5 34. dxe5 Qh6+ 35. Kc2 Qg6+ 36. Kc1 Qh6+ 37. Kd1 Qg6 38. Rf4 Qb1+ 39. Ke2 Qxb2+ 40. Ke3 Qc1+ 0-1

[Event "17.Città di Padova Open A"]
[Site "Padova"]
[Date "2014.12.15"]
[Round "2.30"]
[White "Benetti, Lorenzo"]
[Black "Redo, Giorgio"]
[Result "1-0"]
[WhiteElo "1854"]
[BlackElo "2084"]
[Annotator "Gabriele Ballarin"]
[PlyCount "46"]
[EventDate "2014.12.14"]
[EventType "swiss"]
[EventRounds "9"]
[EventCountry "ITA"]

1. d4 c5 2. d5 e5 3. e4 d6 4. Nf3 Nf6 5. Nc3 Bg4 6. Be2 Be7 7. O-O O-O 8. h3 Bh5 9. Nd2 Bxe2 10. Qxe2 g6 11. Nc4 Nh5 12. Bh6 Re8 13. Kh2 a6 14. a4 b6 15. Rad1 Nd7 16. Bd2 Bf8 17. Ra1 Rb8 18. Ne3 Nf4 19. Qxa6 Qh4 20. Qc4 Nf6 21. Nb5 h5 22. f3 Bh6 23. Be1 Qg5 {abb} 1-0

[Event "17.Città di Padova Open A"]
[Site "Padova"]
[Date "2014.12.15"]
[Round "2.31"]
[White "Pacini, Ermanno"]
[Black "Antoniacci, Riccardo"]
[Result "1-0"]
[WhiteElo "2059"]
[BlackElo "1843"]
[Annotator "Gabriele Ballarin"]
[PlyCount "120"]
[EventDate "2014.12.14"]
[EventType "swiss"]
[EventRounds "9"]
[EventCountry "ITA"]

1. e4 c5 2. Nc3 Nc6 3. g3 g6 4. Bg2 Bg7 5. d3 e6 6. Be3 b6 7. Qd2 Nge7 8. Bh6 O-O 9. h4 f6 10. Bxg7 Kxg7 11. h5 g5 12. h6+ Kh8 13. e5 fxe5 14. Qxg5 Ng6 15. Qxd8 Rxd8 16. Bxc6 dxc6 17. Nf3 Kg8 18. Rh5 Rf8 19. Nxe5 Nxe5 20. Rxe5 Rf5 21. Rxf5 exf5 22. Kd2 b5 23. Re1 Kf7 24. Re5 Kf6 25. Rxc5 Bd7 26. Ne2 Ke6 27. Nf4+ Kd6 28. d4 Re8 29. Nd3 Re6 30. Ne5 Be8 31. Nd3 Bh5 32. Nf4 Rxh6 33. Rxf5 Bg4 34. Rg5 Bf3 35. Ke3 Bd1 36. Kd2 Rh1 37. Ne2 Bxe2 38. Kxe2 Ra1 39. Kd3 Rxa2 40. Rg7 a5 41. Kc3 a4 42. Rxh7 a3 43. Rh6+ Kd5 44. Rh5+ Kd6 45. Rh6+ Kd5 46. Rh5+ Kd6 47. bxa3 Rxa3+ 48. Kb4 Ra4+ 49. Kc3 Ra3+ 50. Kb4 Ra4+ 51. Kc3 Ra3+ 52. Kd2 Rf3 53. Ke2 Rf7 54. Rc5 Rg7 55. Kd3 Ra7 56. g4 Ra3+ 57. Ke4 b4 58. g5 Ra1 59. f4 Re1+ 60. Kf5 Rd1 1-0

[Event "17.Città di Padova Open A"]
[Site "Padova"]
[Date "2014.12.15"]
[Round "2.32"]
[White "Pompili, Ugo"]
[Black "Viaggi, Stefano"]
[Result "0-1"]
[WhiteElo "1841"]
[BlackElo "2058"]
[Annotator "Gabriele Ballarin"]
[PlyCount "52"]
[EventDate "2014.12.14"]
[EventType "swiss"]
[EventRounds "9"]
[EventCountry "ITA"]

1. c4 e5 2. Nc3 Nc6 3. e4 Bc5 4. Be2 d6 5. Nf3 Nge7 6. d3 O-O 7. O-O a6 8. a3 f5 9. b4 Ba7 10. Bb2 Nd4 11. Nxd4 Bxd4 12. Qd2 f4 13. Bf3 g5 14. h3 Ng6 15. Nd5 c6 16. Nc3 Nh4 17. Qe2 Qf6 18. Rab1 Qh6 19. Bg4 Nxg2 20. Qf3 Nh4 21. Qh1 Bxg4 22. hxg4 f3 23. Nd1 Qe6 24. Ne3 Bxe3 25. fxe3 Qxg4+ 26. Kh2 f2 0-1

[Event "17.Città di Padova Open A"]
[Site "Padova"]
[Date "2014.12.15"]
[Round "2.33"]
[White "Lantini, Marco"]
[Black "Desideri, Alessandro"]
[Result "1/2-1/2"]
[WhiteElo "2057"]
[BlackElo "1834"]
[Annotator "Gabriele Ballarin"]
[PlyCount "74"]
[EventDate "2014.12.14"]
[EventType "swiss"]
[EventRounds "9"]
[EventCountry "ITA"]

1. d4 f5 2. g3 Nf6 3. Bg2 e6 4. c4 d5 5. Nh3 Bd6 6. O-O O-O 7. Qc2 c6 8. Bf4 Be7 9. Nd2 Na6 10. c5 h6 11. Be5 Ng4 12. Nf3 g5 13. a3 Nc7 14. b4 Ne8 15. Ne1 Nef6 16. Bxf6 Bxf6 17. Qd2 Bg7 18. f3 Nf6 19. Nf2 Nd7 20. e4 b6 21. exd5 exd5 22. Nc2 Ba6 23. Rfe1 bxc5 24. bxc5 Nxc5 25. dxc5 Bxa1 26. Rxa1 Re8 27. Qd4 Re2 28. Nb4 Bc4 29. Bf1 Qe8 30. Bxe2 Qxe2 31. Qd1 Qe3 32. Nxc6 Qxc5 33. Ne5 Ba6 34. Nd7 Qd6 35. Nf6+ Qxf6 36. Qxd5+ Kg7 37. Rc1 Re8 1/2-1/2

[Event "17.Città di Padova Open A"]
[Site "Padova"]
[Date "2014.12.15"]
[Round "2.34"]
[White "Favero, Graziano"]
[Black "Messina, Roberta"]
[Result "0-1"]
[WhiteElo "1834"]
[BlackElo "2033"]
[Annotator "Gabriele Ballarin"]
[PlyCount "104"]
[EventDate "2014.12.14"]
[EventType "swiss"]
[EventRounds "9"]
[EventCountry "ITA"]

1. e4 c5 2. Nf3 d6 3. d4 cxd4 4. Nxd4 Nf6 5. Nc3 a6 6. Be2 e6 7. Be3 Be7 8. O-O O-O 9. f4 Qc7 10. Qe1 Nc6 11. Kh1 Nxd4 12. Bxd4 b5 13. Qg3 b4 14. e5 dxe5 15. Bxe5 Qa5 16. Ne4 Ne8 17. Bf3 Ra7 18. Rfd1 Rd7 19. Rxd7 Bxd7 20. Rd1 Bb5 21. b3 $11 Bc6 22. Nd6 Bxd6 23. Bxc6 Bxe5 24. fxe5 Qc5 25. Be4 f5 26. exf6 Rxf6 27. Qd3 Qh5 28. Bf3 Qe5 29. Qd4 Qf5 30. Qe4 Qxe4 31. Bxe4 Nd6 32. Bf3 e5 33. Bd5+ Kf8 34. Kg1 Nb5 35. Rf1 Nc3 36. Rxf6+ gxf6 37. Bc4 a5 38. Kf2 Ke7 39. Ke3 f5 40. g3 Kf6 41. h3 Kg5 42. Kf3 Nxa2 43. Bg8 h6 44. h4+ Kf6 45. Bc4 Nc3 46. Ke3 Ne4 47. g4 Nd6 48. gxf5 Nxc4+ 49. bxc4 Kxf5 50. Kd3 a4 51. c5 a3 52. c6 Ke6 0-1

[Event "17.Città di Padova Open A"]
[Site "Padova"]
[Date "2014.12.15"]
[Round "2.35"]
[White "Krumm, Johannes"]
[Black "Bordignon, Angelo"]
[Result "1/2-1/2"]
[WhiteElo "2014"]
[BlackElo "1808"]
[Annotator "Gabriele Ballarin"]
[PlyCount "86"]
[EventDate "2014.12.14"]
[EventType "swiss"]
[EventRounds "9"]
[EventCountry "ITA"]

1. e4 g6 2. Bc4 d6 3. Nf3 Bg7 4. O-O e6 5. Bb3 Ne7 6. d4 h6 7. Bf4 b6 8. Qd2 Bb7 9. Re1 Nd7 10. Ba4 g5 11. Bg3 Ng6 12. h3 Qe7 13. c4 O-O-O 14. Nc3 a6 15. Qd3 e5 16. d5 g4 17. hxg4 Nf6 18. Nh2 h5 19. g5 Ng4 20. Nxg4 hxg4 21. Bd1 Kb8 22. Bxg4 Bc8 23. Bxc8 Rxc8 24. f3 Rh5 25. Kf2 Rch8 26. Ne2 Rxg5 27. Rh1 Rgh5 28. Rxh5 Rxh5 29. Rg1 Bh6 30. Qc3 Qg5 31. Ke1 Nf4 32. Bxf4 exf4 33. Qd4 Bg7 34. Qd2 Be5 35. g3 Rh2 36. Kd1 Qh5 37. gxf4 Qxf3 38. fxe5 Qxe4 39. Ke1 Qh4+ 40. Kd1 Qe4 41. exd6 Qb1+ 42. Qc1 Qd3+ 43. Qd2 Qb1+ 1/2-1/2

[Event "17.Città di Padova Open A"]
[Site "Padova"]
[Date "2014.12.16"]
[Round "3.1"]
[White "Valsecchi, Alessio"]
[Black "Georgiev, Kiril"]
[Result "1/2-1/2"]
[WhiteElo "2432"]
[BlackElo "2628"]
[Annotator "Gabriele Ballarin"]
[PlyCount "47"]
[EventDate "2014.12.14"]
[EventType "swiss"]
[EventRounds "9"]
[EventCountry "ITA"]

1. e4 c5 2. Nf3 d6 3. d4 Nf6 4. Nc3 cxd4 5. Nxd4 a6 6. Bg5 Nbd7 7. Bc4 e6 8. Qe2 Qa5 9. f4 Be7 10. O-O-O h6 11. h4 Nf8 12. Bxf6 gxf6 13. f5 h5 14. Rhe1 Qe5 15. Kb1 Bd7 16. Nf3 Qc5 17. Rd4 b5 18. Bb3 Ra7 19. Rd2 Rc7 20. Nd4 Qe5 21. Nf3 Qc5 22. Nd4 Qe5 23. Nf3 Qc5 24. Nd4 1/2-1/2

[Event "17.Città di Padova Open A"]
[Site "Padova"]
[Date "2014.12.16"]
[Round "3.13"]
[White "Santolini, Luigi"]
[Black "Rombaldoni, Axel"]
[Result "1/2-1/2"]
[WhiteElo "2115"]
[BlackElo "2505"]
[Annotator "Gabriele Ballarin"]
[PlyCount "140"]
[EventDate "2014.12.14"]
[EventType "swiss"]
[EventRounds "9"]
[EventCountry "ITA"]

1. d4 Nf6 2. c4 g6 3. Nc3 d5 4. cxd5 Nxd5 5. e4 Nxc3 6. bxc3 Bg7 7. Be3 c5 8. Qd2 O-O 9. Nf3 Qa5 10. Rc1 Bg4 11. Be2 Nc6 12. d5 Rad8 13. O-O b6 ({Novità} 13... Bxf3 14. Bxf3 (14. gxf3 $5) 14... a6 15. Rfd1 c4 16. Be2 $11) (13... e6 $6 14. Bg5 f6 15. Bf4 exd5 $14) 14. Rfd1 (14. Qc2 $1 Nb8 15. c4 Rfe8 16. Rb1 $14) 14... Qa3 (14... Qa4 $1 15. Qc2 Qxc2 16. Rxc2 Na5 $11) 15. Qc2 Na5 (15... Ne5 16. Nxe5 Bxe2 17. Nxg6 $5 hxg6 18. Qxe2 Bxc3 19. Qc4 Be5 20. h4 $14) 16. Bg5 (16. h3 Bxf3 17. gxf3 $5 Nb7 18. f4 Nd6 19. e5 Nf5 20. Rb1 Nxe3 21. fxe3 $14) (16. Bf4 $5) 16... f6 17. Bf4 e5 (17... Bd7 18. Re1 Nb7 19. Bf1 Qa4 $14) 18. Bd2 $14 (18. Be3 $142 $14) 18... Bd7 19. Rb1 $5 (19. Qb1 $14) 19... Ba4 (19... Nb7 20. Be3 (20. Rb3 $5 Ba4 21. Rdb1 Bxb3 22. axb3 Rc8 23. Rb2 c4 24. Bxc4 $44) 20... Ba4 21. Qc1 Qxc1 22. Rdxc1 $14) 20. Qc1 Qxa2 (20... Qxc1 21. Rdxc1 Nb7 22. Be3 $14) 21. Rb2 (21. Ra1 Qc2 $1) 21... Qa3 22. Qa1 Bxd1 $1 (22... Qxa1 $2 23. Rxa1 Bd7 24. c4 f5 25. Bxa5 bxa5 26. Rxa5 $16) 23. Qxa3 Bxe2 24. Ra2 $14 {Una posizione complessa e assai difficile da giocare, dove il leggero vantaggio del bianco gioca un ruolo assai marginale.} Rf7 $2 ({Il primo errore è del GM.} 24... Bb5 25. Ra1 Rf7 $14) 25. Be1 $2 ({Il secondo del pollo} 25. Ng5 $1 Rb7 26. Ne6 $16 {e la difesa del nero comincia a farsi faticosa.}) 25... Bd3 $11 26. c4 Bxc4 27. Rc2 Bb3 28. Rb2 (28. Rc3 c4 29. Rc1 Bf8 30. Bb4 Bh6 $13) 28... c4 $2 ({La seconda imprecisione. Ora il bianco sta meglio, sebbene la posizione resti difficile.} 28... Bxd5 $1 29. Bxa5 Bxe4 30. Rd2 Rc8 31. Bc3 $13 {porta ad una posizione originale ed estremamente complessa.}) 29. Bxa5 $16 bxa5 30. Qxa5 Rc8 (30... Rb8 31. Nd2 Bf8 (31... Rfb7 32. d6 $1 Kh8 33. g4 Bf8 34. Nxb3 cxb3 35. Qd5 $16) 32. Nxc4 Rbb7 33. Ne3 Bxd5 34. Rxb7 Rxb7 35. f3 $16) 31. Qc3 Rb7 $2 (31... Bd1 $1 32. Rb1 Bxf3 33. gxf3 Bf8 34. Kg2 Rfc7 $16) 32. Nd2 Rcb8 33. h4 $1 ({anche dopo} 33. d6 a5 34. Nxc4 a4 35. Na5 {il vantaggio del bianco sembra ad un passo dall'essere decisivo.}) 33... a5 (33... Rb4 34. d6 Bf8 35. d7 Be7 36. Nxc4 Rxc4 37. Qxc4+ Bxc4 38. Rxb8+ {e sembra assai difficile che il nero salvi il finale}) 34. Qxa5 $2 $16 (34. Nxc4 $1 a4 35. Na5 Rb6 36. Nc6 R8b7 37. d6 Bf8 38. Rd2 $18) 34... Bf8 35. Nxb3 cxb3 36. d6 $1 Kg7 37. Qd5 Rb6 38. d7 Be7 (38... Rd6 39. Qc4 Rd1+ 40. Kh2 Rxd7 41. Rxb3 Rxb3 42. Qxb3 $16) 39. g4 Rd6 40. Qc4 Rxd7 41. Rxb3 Rxb3 42. Qxb3 Bc5 $16 {il computer preferisce chiaramente la posizione del bianco, ma i problemi tecnici per mettere in difficoltà il nero sono notevoli} 43. Qb5 Rc7 44. Kg2 Bd4 45. Kg3 Rc3+ 46. f3 Rc7 47. Qe8 Be3 48. Qd8 $2 Rf7 $2 (48... Bf4+ 49. Kf2 Rc2+ 50. Ke1 Rc1+ 51. Ke2 Rc2+ $11) 49. Kg2 Bf4 50. Qe8 Ra7 51. Qd8 Rf7 52. Qe8 {non vedevo, e non vedo, un piano chiaro per incrementare il vantaggio del bianco} f5 $2 {un tentativo di forzare che porta solo a rischi inutili} 53. exf5 gxf5 54. gxf5 ({Ho speso qui gli ultimi minuti di riflessione. E' evidente che la spinta in g5 aumenta le possibilità di vittoria del bianco, ma, ancora, non sono riuscito a trovare una via chiara per dimostrare il vantaggio, ora largo, che anche il computer assegna.L'impressione che mi resta è che l'esiguo materiale rimasto possa consentire al nero la costruzione di una qualche fortezza.} 54. g5 $1 {seguita da e2-d3-c4}) 54... Rxf5 55. Qd7+ Rf7 56. Qg4+ Kf6 57. Qc8 Rg7+ 58. Kf1 Re7 59. Qf8+ Ke6 60. Qc8+ Rd7 61. Qc6+ Ke7 62. Qc5+ Kf7 63. Qc8 Re7 64. Qf5+ Kg7 65. Qh5 h6 66. Qf5 Rf7 67. Qe6 Kf8 68. h5 Re7 69. Qf5+ Rf7 70. Qe6 Re7 {il vantaggio del bianco mi sembra di natura puramente simbolica} 1/2-1/2

[Event "17.Città di Padova Open A"]
[Site "Padova"]
[Date "2014.12.16"]
[Round "3.14"]
[White "Andreoni, Giuseppe"]
[Black "Drazic, Sinisa"]
[Result "1-0"]
[WhiteElo "2179"]
[BlackElo "2438"]
[Annotator "Gabriele Ballarin"]
[PlyCount "129"]
[EventDate "2014.12.14"]
[EventType "swiss"]
[EventRounds "9"]
[EventCountry "ITA"]

1. e4 d5 2. exd5 Qxd5 3. Nf3 Bg4 4. Be2 Nf6 5. d4 e6 6. h3 Bh5 7. Be3 Nbd7 8. O-O Qa5 9. c4 c6 10. Nc3 Be7 11. a3 O-O 12. Qd2 Qc7 13. d5 exd5 14. cxd5 Rfd8 15. Bf4 Bd6 16. Bxd6 Qxd6 17. dxc6 Qxc6 18. Nd4 Nc5 19. Bxh5 Nxh5 20. Rad1 Qf6 21. Qe3 Nf4 22. Nde2 Nxe2+ 23. Qxe2 Ne6 24. Qe4 Nc5 25. Qc4 b6 26. Rxd8+ Rxd8 27. Rd1 Rxd1+ 28. Nxd1 h6 29. Nc3 Qe5 30. Qe2 Qxe2 31. Nxe2 Nd3 32. b4 Kf8 33. Nd4 a6 34. Kf1 Nf4 35. h4 Ke7 36. g3 Ne6 37. Nc2 Kd6 38. Ke2 h5 39. Kd3 Ke5 40. Ne3 b5 41. f4+ Kd6 42. Ke4 g6 43. f5 Nf8 44. g4 hxg4 45. Nxg4 Nh7 46. Kf4 Kd5 47. Nh6 Kc4 48. Nxf7 gxf5 49. Kxf5 Kb3 50. Kg6 Kxa3 51. Kxh7 Kxb4 52. Kg6 Kc4 {(=)} 53. Ne5+ Kc3 54. Nc6 b4 55. Nxb4 a5 56. Na2+ Kb2 57. h5 Kxa2 58. h6 a4 59. h7 a3 60. h8=Q Kb1 61. Qh1+ Kb2 62. Qg2+ Kb1 63. Qg1+ Kb2 64. Qd4+ Kb1 65. Qb4+ 1-0

[Event "17.Città di Padova Open A"]
[Site "Padova"]
[Date "2014.12.16"]
[Round "3.15"]
[White "Damia, Angelo"]
[Black "Naumkin, Igor"]
[Result "1-0"]
[WhiteElo "2177"]
[BlackElo "2436"]
[Annotator "Gabriele Ballarin"]
[PlyCount "45"]
[EventDate "2014.12.14"]
[EventType "swiss"]
[EventRounds "9"]
[EventCountry "ITA"]

1. e4 e5 2. Nf3 Nc6 3. d4 exd4 4. Nxd4 Bc5 5. Nf5 Qf6 6. Nc3 Nge7 7. Ne3 d6 8. Bd3 O-O 9. O-O Be6 10. Kh1 Rad8 11. f4 Bxe3 12. Bxe3 Qh6 13. Bd2 f5 14. g4 fxe4 15. Nxe4 Bd5 16. c4 Bxe4+ 17. Bxe4 Kh8 18. Bd3 Nd4 19. Be3 c5 20. Bxd4 cxd4 21. Qd2 Nc6 22. Rae1 Na5 23. g5 {abb.} 1-0

[Event "17.Città di Padova Open A"]
[Site "Padova"]
[Date "2014.12.16"]
[Round "3.16"]
[White "Mrdja, Milan"]
[Black "Quaranta, Cristiano"]
[Result "1/2-1/2"]
[WhiteElo "2383"]
[BlackElo "2169"]
[Annotator "Gabriele Ballarin"]
[PlyCount "64"]
[EventDate "2014.12.14"]
[EventType "swiss"]
[EventRounds "9"]
[EventCountry "ITA"]

1. e4 c5 2. Nf3 e6 3. c4 Nc6 4. d4 cxd4 5. Nxd4 Nf6 6. Nc3 Bb4 7. Nxc6 dxc6 8. Qxd8+ Kxd8 9. Bd2 e5 10. O-O-O Ke7 11. Nd5+ Nxd5 12. exd5 Bxd2+ 13. Rxd2 cxd5 14. Rxd5 f6 15. b3 Be6 16. Rd1 a5 17. Be2 Rad8 18. Kc2 Rxd1 19. Rxd1 Rd8 20. Rxd8 Kxd8 21. Kc3 Kc7 22. a3 b6 23. b4 axb4+ 24. axb4 Kd6 25. g3 Bd7 26. Kd3 Bc6 27. Ke3 f5 28. f4 Be4 29. h4 h6 30. Bf1 Bb1 31. Be2 Be4 32. Bf1 Bb1 1/2-1/2

[Event "17.Città di Padova Open A"]
[Site "Padova"]
[Date "2014.12.16"]
[Round "3.17"]
[White "Borgo, Giulio"]
[Black "Goossens, Hanne"]
[Result "1-0"]
[WhiteElo "2357"]
[BlackElo "2090"]
[Annotator "Gabriele Ballarin"]
[PlyCount "87"]
[EventDate "2014.12.14"]
[EventType "swiss"]
[EventRounds "9"]
[EventCountry "ITA"]

1. Nf3 c5 2. c4 Nc6 3. d4 cxd4 4. Nxd4 g6 5. e4 Bg7 6. Be3 Nf6 7. Nc3 Ng4 8. Qxg4 Nxd4 9. Qd1 Ne6 10. Qd2 d6 11. Be2 O-O 12. O-O Bd7 13. Rfd1 Bc6 14. Nd5 Nc5 15. Bf3 Rb8 16. Rab1 a5 17. b3 Re8 18. Bg5 Ne6 19. Be3 Nc5 20. Re1 Be5 21. Bg5 Ne6 22. Bh4 Nd4 23. Bg4 Bd7 24. Bxd7 Qxd7 25. f4 Bg7 26. Bf2 Nc6 27. e5 Qg4 28. h3 Qf5 29. e6 fxe6 30. Nc7 Rec8 31. Nxe6 Re8 32. g4 Qf7 33. Ng5 Qf6 34. Qd5+ Kh8 35. Nf7+ Kg8 36. Nh6+ Kh8 37. Nf7+ Kg8 38. Nxd6+ e6 39. Nxe8 Rxe8 40. Qe4 Qc3 41. Kg2 Nb4 42. Re3 Qd2 43. Re2 Qc3 44. Rd1 1-0

[Event "17.Città di Padova Open A"]
[Site "Padova"]
[Date "2014.12.16"]
[Round "3.18"]
[White "Boraso, Alessio"]
[Black "Codenotti, Marco"]
[Result "1/2-1/2"]
[WhiteElo "2166"]
[BlackElo "2345"]
[Annotator "Gabriele Ballarin"]
[PlyCount "107"]
[EventDate "2014.12.14"]
[EventType "swiss"]
[EventRounds "9"]
[EventCountry "ITA"]

1. e4 c5 2. c3 d5 3. exd5 Qxd5 4. d4 Nc6 5. Nf3 Bg4 6. dxc5 Qxd1+ 7. Kxd1 e5 8. b4 O-O-O+ 9. Kc2 Bf5+ 10. Kb2 f6 11. Be3 Nge7 12. Nbd2 Nd5 13. Nc4 Be7 14. Be2 e4 15. Nfd2 Bg6 16. Nb3 f5 17. b5 Nxe3 18. fxe3 Nb8 19. Rhd1 Nd7 20. Nd6+ Kb8 21. Nxb7 Kxb7 22. c6+ Kc7 23. Rxd7+ Rxd7 24. cxd7 Rd8 25. Nd4 Rxd7 26. Rd1 Kb6 27. a4 Bg5 28. a5+ Kb7 29. g4 Bxe3 30. gxf5 Bf7 31. Ne6 Rxd1 32. Bxd1 Bxe6 33. fxe6 Kc7 34. Bc2 Kd6 35. Bxe4 Kxe6 36. Bxh7 Kd6 37. Kb3 Bc5 38. h4 Bg1 39. h5 Bc5 40. Kc4 Bg1 41. Kd3 Ke5 42. Be4 Bc5 43. Bf3 Bg1 44. Bg2 Bc5 45. Kc2 Kd6 46. Kb3 Bg1 47. Ka4 Bc5 48. Bf3 Kc7 49. b6+ axb6 50. Kb5 Be3 51. a6 Kb8 52. Be2 Ka7 53. Kc6 Bd2 54. Bb5 1/2-1/2

[Event "17.Città di Padova Open A"]
[Site "Padova"]
[Date "2014.12.16"]
[Round "3.19"]
[White "Bonafede, Alessandro"]
[Black "Pacini, Ermanno"]
[Result "1-0"]
[WhiteElo "2339"]
[BlackElo "2059"]
[Annotator "Gabriele Ballarin"]
[PlyCount "69"]
[EventDate "2014.12.14"]
[EventType "swiss"]
[EventRounds "9"]
[EventCountry "ITA"]

1. e4 c5 2. b4 cxb4 3. a3 bxa3 4. Nxa3 d6 5. d4 Nf6 6. Bd3 g6 7. Ne2 Bg7 8. O-O O-O 9. c3 Nc6 10. h3 b6 11. f4 d5 12. e5 Ne4 13. Bxe4 dxe4 14. c4 f6 15. Be3 Bb7 16. Qa4 Qd7 17. e6 Qc8 18. d5 Na5 19. f5 gxf5 20. Rxf5 Qe8 21. Qb4 Ba6 22. Nd4 Rc8 23. Rc1 Nb7 24. Nab5 Bxb5 25. Nxb5 Nc5 26. Bxc5 a5 27. Qe1 Rxc5 28. Qxe4 Qg6 29. Rcf1 Rfc8 30. d6 Rxf5 31. Qxf5 exd6 32. Qxg6 hxg6 33. Nxd6 Rb8 34. e7 Bf8 35. e8=Q 1-0

[Event "17.Città di Padova Open A"]
[Site "Padova"]
[Date "2014.12.16"]
[Round "3.20"]
[White "Movileanu, Daniela"]
[Black "Bove, Alessandro"]
[Result "0-1"]
[WhiteElo "2145"]
[BlackElo "2326"]
[Annotator "Gabriele Ballarin"]
[PlyCount "162"]
[EventDate "2014.12.14"]
[EventType "swiss"]
[EventRounds "9"]
[EventCountry "ITA"]

1. e4 c5 2. Nf3 Nc6 3. d4 cxd4 4. Nxd4 g6 5. c4 Bg7 6. Be3 Nf6 7. Nc3 d6 8. Be2 Nxd4 9. Bxd4 O-O 10. O-O Bd7 11. Qd2 Bc6 12. Bd3 a5 13. Rae1 a4 14. Nd5 e6 15. Nxf6+ Bxf6 16. Bxf6 Qxf6 17. Re3 Qf4 18. Rd1 Rfd8 19. Re2 Qxd2 20. Rexd2 Kf8 21. f3 Ke7 22. Kf2 g5 23. Ke3 h6 24. Rc1 Ra5 25. Rdc2 b6 26. Rd2 Rg8 27. Rcd1 Ra7 28. Be2 Rd7 29. g3 Ra8 30. Rc1 Ra5 31. Rcc2 Rd8 32. Rd1 Bb7 33. Rc3 Bc6 34. Rc2 Rc5 35. Rdd2 Rc8 36. b4 axb3 37. axb3 Ra5 38. Ra2 Rca8 39. Rxa5 Rxa5 40. Kd4 Ra1 41. Rb2 h5 42. Ke3 h4 43. Rd2 hxg3 44. hxg3 Rg1 45. g4 Ra1 46. b4 Ba4 47. b5 Ra3+ 48. Rd3 Rxd3+ 49. Kxd3 d5 50. exd5 exd5 51. Kd4 dxc4 52. Bxc4 f6 53. Be2 Kd6 54. Bd3 Bd1 55. Be4 Be2 56. Bc6 Ke6 57. Ke3 Bd1 58. Kd4 Ba4 59. Bd5+ Ke7 60. Bc6 Kd6 61. Be8 Bb3 62. Ke4 Bd5+ 63. Ke3 Kc5 64. f4 Be6 65. fxg5 fxg5 66. Kf3 Kd4 67. Kg3 Ke3 68. Bc6 Bc4 69. Be8 Bd3 70. Bc6 Kd4 71. Kf3 Kc5 72. Be8 Bxb5 73. Bxb5 Kxb5 74. Ke4 Kc5 75. Kf5 b5 76. Kxg5 b4 77. Kh6 b3 78. g5 b2 79. g6 b1=Q 80. g7 Qh1+ 81. Kg6 Qd5 0-1